000 01601cas a2200373 i 4500
001 19018690
003 ARRUPE
005 20210702115642.0
008 160317c201u9999enkuu | 0eng
010 _a 2016205280
020 _a9781509738076
035 _a(OCoLC)ocn948373868
040 _aDLC
_beng
_cDLC
_erda
_dDLC
_dOCLCF
042 _apcc
050 0 0 _aHF5667
_b.A145 2021 F8
245 0 0 _aACCA audit and assurance (AA) Workbook
_bFor exams in September 2021, December 2021, March 2022 and June 2022
246 1 _aACCA paper F8, audit and assurance (International)
246 1 _aACCA paper F8 (International), study system for examinations ...
300 _axxiii, 442p.
_bill.;
_c30cm
440 _aACCA approved workbook
_950158
500 _aIncludes Ebook
610 2 0 _aAssociation of Chartered Certified Accountants (Great Britain)
_xExaminations
_vStudy guides.
_950159
610 2 7 _aAssociation of Chartered Certified Accountants
_2fast
_950171
650 0 _aAuditing
_xExaminations
_vStudy guides.
_950172
650 0 _aAccounting
_xExaminations
_vStudy guides.
_950161
650 7 _aAccounting
_xExaminations.
_2fast
_950163
650 7 _aAuditing
_xExaminations.
_2fast
_950173
650 7 _aExaminations.
_2fast
_950164
655 7 _aStudy guides.
_2fast
_950165
906 _a7
_bcbc
_cserorig
_d2
_encip
_f20
_gn-oclcserc
942 _2lcc
_cMONOGRAPH
999 _c130629
_d130629